Left or Right Quiz Stats

 Plays Quiz Updated Jul 27, 2012

Challenge
Share
Tweet
Embed
Score 0/20 Timer 04:00
2 Plays Today
Hint (L)eft or (R)ight % Correct
In which hand does the Statue of Liberty hold her torch????
70.6%
Vincent van Gogh cut off which of his ears????
65.6%
Batman villain Two-Face (Harvey Dent) lost which side of his face????
61.4%
Polo must be played with which hand????
61.3%
In cricket, a 'chinaman' bowls with which hand????
61.1%
With which hand should a QWERTY touch typist have answered the previous question????
60.8%
Starboard is which side of a ship????
60.7%
From which ventricle does the aorta exit the human heart????
59.1%
Which eye did Sammy Davis Jr. lose in a 1954 car accident????
57.8%
Which direction do you step when performing the Time Warp????
57.8%
Hint (L)eft or (R)ight % Correct
On which side of the road do cars drive in Japan????
56.2%
On the Welsh flag, Y Ddraig Goch (the dragon) faces which way????
55.6%
A southpaw boxer stands with which foot forward????
52.3%
On which side should an OBE be worn????
51.4%
Number 6 is on which side of a dartboard????
48.8%
In chess, the black queen is set up on which side of the black king????
48.6%
A halibut has its eyes on which side of its head????
46.7%
Abraham Lincoln faces which direction on an American penny????
45.2%
From which side of the mouth does a narwhal's tusk protrude????
45%
With which foot did Neil Armstrong first step on the Moon????
34.8%

You're not logged in!

Compare scores with friends on all Sporcle quizzes.
Join for Free
OR
Log In

You Might Also Like...

Show Comments

Extras

Top Quizzes Today


Score Distribution

Your Account Isn't Verified!

In order to create a playlist on Sporcle, you need to verify the email address you used during registration. Go to your Sporcle Settings to finish the process.

Report this User

Report this user for behavior that violates our Community Guidelines.

Details: